Score 0/42 Timer 20:00
0 Plays Today
Hint Answer % Correct
Royal Rumble WinnerBatista
98.3%
WrestleMania 21 - Singles Match - World Heavyweight ChampionshipBatista
85%
No Way Out - Steel Cage - WWE ChampionshipJBL
76.7%
No Way Out - Steel Cage - WWE ChampionshipBig Show
73.3%
WrestleMania 21 - Singles Match - World Heavyweight ChampionshipTriple H
61.7%
Backlash - Singles Match - World Heavyweight ChampionshipBatista
56.7%
WrestleMania 21 - Singles Match - World Heavyweight ChampionshipRic Flair
48.3%
Judgment Day - I Quit - WWE ChampionshipJBL
48.3%
Judgment Day - I Quit - WWE ChampionshipJohn Cena
48.3%
Backlash - Singles Match - World Heavyweight ChampionshipTriple H
46.7%
Backlash - Singles Match - World Heavyweight ChampionshipRic Flair
40%
Vengeance - Hell In A Cell - World Heavyweight ChampionshipBatista
40%
Vengeance - Hell In A Cell - World Heavyweight ChampionshipTriple H
40%
Great American Bash - Singles Match - World Heavyweight ChampionshipBatista
33.3%
SummerSlam - Singles MatchHulk Hogan
33.3%
SummerSlam - Singles MatchShawn Michaels
33.3%
Unforgiven - Singles Match - WWE ChampionshipJohn Cena
31.7%
Taboo Tuesday - Triple Threat - WWE ChampionshipJohn Cena
30%
One Night Stand - Hardcore Tag TeamBubba Ray Dudley
28.3%
One Night Stand - Hardcore Tag TeamD-Von Dudley
28.3%
One Night Stand - Hardcore Tag TeamTommy Dreamer
28.3%
Hint Answer % Correct
Great American Bash - Singles Match - World Heavyweight ChampionshipJBL
28.3%
No Mercy - Singles Match - World Heavyweight ChampionshipBatista
28.3%
Taboo Tuesday - Triple Threat - WWE ChampionshipKurt Angle
28.3%
One Night Stand - Hardcore Tag TeamSandman
26.7%
Great American Bash - Singles Match - World Heavyweight ChampionshipOrlando Jordan
26.7%
Unforgiven - Singles Match - WWE ChampionshipKurt Angle
26.7%
No Mercy - Singles Match - World Heavyweight ChampionshipEddie Guerrero
25%
Taboo Tuesday - Triple Threat - WWE ChampionshipShawn Michaels
25%
Survivor Series - 5 on 5Batista
25%
Armageddon - Hell In A Cell Undertaker
21.7%
Survivor Series - 5 on 5Big Show
20%
Armageddon - Hell In A Cell Bob Orton
20%
Armageddon - Hell In A Cell Randy Orton
20%
Survivor Series - 5 on 5Bobby Lashley
18.3%
Survivor Series - 5 on 5Carlito
18.3%
Survivor Series - 5 on 5Chris Masters
18.3%
Survivor Series - 5 on 5Rey Mysterio
18.3%
Survivor Series - 5 on 5JBL
16.7%
Survivor Series - 5 on 5Kane
16.7%
Survivor Series - 5 on 5Randy Orton
16.7%
Survivor Series - 5 on 5Shawn Michaels
16.7%
Remove Ads.
Support Sporcle.
Get the best of Sporcle when you Go Orange. This ad-free experience offers more features, more stats, and more fun while also helping to support Sporcle. Thank you for becoming a member.

You're not logged in!

Compare scores with friends on all Sporcle quizzes.
OR
Log In

Sporcle TV

Today on Sporcle TV


Watch our educational content, quiz creation guides, and fun videos on Sporcle TV.

Show Comments

Extras

Created Nov 22, 2017ReportNominate
Tags:WWE Quiz, Main Event

Top Quizzes Today


Score Distribution

Paid Content

Your Account Isn't Verified!

In order to create a playlist on Sporcle, you need to verify the email address you used during registration. Go to your Sporcle Settings to finish the process.

Report this User

Report this user for behavior that violates our Community Guidelines.

Details: